Top 10 Songs by Blondie - Statistics

General Stats
  • This quiz has been taken 6 times
  • The average score is 4 of 10
Answer Stats
Hint Answer % Correct
1 Call Me
83%
2 Heart of Glass
67%
7 The Tide is High
67%
4 Atomic
33%
6 Hanging on the Telephone
33%
3 One Way or Another
33%
8 Rapture
33%
10 Denis
17%
9 Sunday Girl
17%
5 Dreaming
0%
No matching quizzes found
Score Distribution
Percent of People with Each Score
Percentile by Number Answered
Your Score History
You have not taken this quiz